Research and development in freshwater prawn

Guardat en:
Dades bibliogràfiques
Autor principal: Malecha, Spencer
Format: Llibre
Idioma:Undetermined
Publicat: Kyoto, Japan Aquaculture Panel 1980
Matèries:
Etiquetes: Afegir etiqueta
Sense etiquetes, Sigues el primer a etiquetar aquest registre!
Thư viện lưu trữ: Trung tâm Học liệu Trường Đại học Cần Thơ
LEADER 00527nam a2200181Ia 4500
001 CTU_150688
008 210402s9999 xx 000 0 und d
082 |a 639.63 
082 |b M245 
100 |a Malecha, Spencer 
245 0 |a Research and development in freshwater prawn 
245 0 |c Spencer Malecha 
260 |a Kyoto, Japan 
260 |b Aquaculture Panel 
260 |c 1980 
650 |a Aquaculture,Nuôi trồng thủy sản 
904 |i Trọng Hải 
980 |a Trung tâm Học liệu Trường Đại học Cần Thơ